000 00334pab a2200145 454500
008 180718b1998 xxu||||| |||| 00| 0 eng d
100 _aTrikha, N.K.
245 _aThe status of the editor
260 _c1998
300 _ap.72-76
362 _aJan
650 _aEditors
773 _aPress Council of India Review
909 _a39152
999 _c39152
_d39152